| 000 | 00589nam a22001937a 4500 | ||
|---|---|---|---|
| 003 | 0 | ||
| 005 | 20230911144339.0 | ||
| 008 | 230811b xxu||||| |||| 00| 0 eng d | ||
| 020 | _a978-1-98463-782-6 | ||
| 050 |
_aPN 1992.75 _b.T413 2020 |
||
| 100 | _a3G E- Learning | ||
| 110 | _a3G E- Learning | ||
| 245 |
_a3G Handy guide: television production _c3G E-Learning |
||
| 260 |
_aNew York _b3G E-Learning _cc2020. |
||
| 300 |
_a280 p. : _bcol. ill. ; _c24 cm. _e1 DVD. |
||
| 504 | _aIncludes bibliographical references and index. | ||
| 650 | _aTelevision production. | ||
| 942 |
_2lcc _cBK |
||
| 999 |
_c365124 _d365124 |
||